000 01523nam0a2200337 4500
001 RU\NLR\BIBL_A\011365576
005 20260406092152.0
010 _a9785904482138
_91000
021 _aRU
_b2017-17548
_91294
035 _a(RuMoRGB)008824854
035 _a(NLR Aleph) 011365576
090 _a11322679
_c11322679
100 _a20170412d2017 u y0rusy50 ca
101 0 _arus
102 _aRU
105 _aa z 000ay
200 1 _aСокровище Родины
_aЁрш и Пыж
_aКапитан "Дедалуса"
_eроманы, повесть
_e[для среднего и старшего возраста]
_fМихаил Волконский
_g[послесловие Г.К. Пилиева]
_gиллюстрации Сергея Сачкова
210 _aМосква
_cМиллиорк
_d2017
215 _a483, [3] с.
_cил.
_d21
225 1 _aБиблиотека приключений и научной фантастики
_fсост. и ред.: Георгий Пилиев
320 _aБиблиогр. в подстроч. примеч.
333 _a12+
686 0 _aШ9(2)62=Р5-4
700 1 _7ca
_8rus
_aВолконский
_bМ. Н.
_f1860-1917
_gМихаил Николаевич
_926273
_3RU\NLR\AUTH\7743330
702 1 _4440
_7ca
_8rus
_aСачков
_bС. Н.
_cхудожник
_f1955-2016
_gСергей Николаевич
_945784
_3RU\NLR\AUTH\7762854
942 _cBOOK
980 _aNBR